Liste des pays ayant remporté la Palme d'Or à Cannes - Statistiques

Statistiques générales
  • Ce quiz a été pris 220 fois
    187 depuis la dernière actualisation
  • Le résultat moyen est 18 sur 24
Statistiques - réponses
Nombre Dernière Palme d'Or Réponse % Correct
13 2011 Etats-Unis
99%
11 2023 France
99%
5 2001 Italie
96%
2 1984 Allemagne de l'Ouest
93%
4 2018 Japon
93%
1 1961 Espagne
91%
4 2016 Royaume-Uni
91%
1 1993 Chine
87%
3 2022 Suède
87%
1 2019 Corée du Sud
86%
2 2005 Belgique
85%
1 1962 Brésil
83%
2 2002 Pologne
79%
2 2000 Danemark
75%
2 2014 Turquie
67%
1 1998 Grèce
66%
2 2012 Autriche
64%
1 1997 Iran
63%
1 2007 Roumanie
63%
1 1975 Algérie
61%
1 1958 Union Soviétique
59%
1 2010 Thaïlande
55%
1 1993 Nouvelle-Zélande
53%
2 1995 Yougoslavie
47%
Aucun quiz correspondant
Distribution des résultats
% des personnes avec chaque résultat
Percentile par nombre de réponses
Votre historique - résultats
Vous n’avez pas pris ce quiz depuis la dernière actualisation